00394nam a2200109Ia 4500008004100000041000800041100002400049245010700073260005400180700003100234999001900265241105s9999 xx 000 0 und d aeng aGour Tania.9208993 aAssessing Perfomance Of Walling Technologies After Incorporation Of Construction And Demolition Waste. bBnca M Arch Environment Architecture., Punec2018 a Kulkarni Prajakta9208994 c361673d361673